00377nam a2200133Ia 4500008004100000041001200041100001800053245008800071250000800159260003500167300000800202650001700210700001600227221030s9999 xx 000 0 und d aEnglish aR. P. Rastogi 3aAn Introduction to Chemical Thermo- Dynamics 6th Ed.cby R. P. Rastogi, R. R. Misra a6th bVikas Pub. HouseaNew Delhic0 a626 aBB Mechanics aR. R. Misra